Statistics for Counties of Wales

Click here to take the quiz!

General Stats

  • This quiz has been taken 270 times
  • The average score is 11 of 22

Answer Stats

Answer% Correct
Cardiff
84%
Powys
72%
Swansea
72%
Isle of Anglesey
65%
Pembrokeshire
62%
Monmouthshire
60%
Gwynedd
56%
Wrexham
55%
Carmarthenshire
53%
Newport
53%
Flintshire
49%
Conwy
48%
Denbighshire
47%
Ceredigion
45%
Neath Port Talbot
40%
Vale of Glamorgan
39%
Bridgend
36%
Caerphilly
36%
Rhondda Cynon Taf
36%
Merthyr Tydfil
33%
Torfaen
32%
Blaenau Gwent
29%

Score Distribution

Percentile by Number Answered

Percent of People with Each Score

Your Score History

You have not taken this quiz